Una pequeña fiesta llamada Eternidad /

Gardado en:
Detalles Bibliográficos
Autor Principal: Wiener, Gabriela (autor)
Formato: Libro
Idioma:Lingua castelá
Publicado: México : Almadía, 2024, c2023
Series:(Poesía Almadía)
Temas:
Etiquetas: Engadir etiqueta
Sen Etiquetas, Sexa o primeiro en etiquetar este rexistro!

MARC

LEADER 00000nam^a2200000^a^4500
001 000591527
005 20250521000000.0
009 20260526153617.356
020 |a 978-607-8851-54-6 
037 |a Acervo ITESO - Biblioteca 
041 |a ESP 
082 |a 861.  |b WIE 
100 |a Wiener, Gabriela  |e (autor) 
245 1 4 |a Una pequeña fiesta llamada Eternidad /  |c G. Wiener. 
264 4 |a México :  |b Almadía,  |c 2024, c2023 
336 |a texto  |b txt  |2 rdacontenido 
337 |a sin mediación  |b n  |2 rdamedio 
338 |a volumen  |b nc  |2 rdasoporte 
440 1 |a (Poesía Almadía) 
521 |a FIL 2024 DIA 
649 |a XX 
650 |a Poesía Peruana 
650 |a Literatura Peruana -  |y Siglo XXI 
650 |a Literatura de Mujeres -  |z Perú 
910 |a Fondo General 
920 |a Impresos - Libros 
930 |a Colección General 
940 |a Literatura 
905 |a 101 
901 |a 591648-10  |b IT1  |c LIT  |i C187650  |u 20250521 
902 |a https://opac.biblio.iteso.mx/vufind/Record/000591527